Feet on the ground : (Record no. 7291)
[ view plain ]
| 000 -LEADER | |
|---|---|
| fixed length control field | 00823nam a22002772a 4500 |
| 001 - CONTROL NUMBER | |
| JCCL Control Number | 7291 |
| 003 - CONTROL NUMBER IDENTIFIER | |
| JCCL marc code | UkOxU |
| 005 - DATE AND TIME OF LATEST TRANSACTION | |
| control field | 20180210173605.0 |
| 008 - FIXED-LENGTH DATA ELEMENTS--GENERAL INFORMATION | |
| fixed length control field | 500101s1946 enk 000 0 eng d |
| 035 ## - SYSTEM CONTROL NUMBER | |
| system control number | OCLC ocm06819515 from D960716M |
| 040 ## - CATALOGING SOURCE | |
| Original cataloging agency | DLC |
| Transcribing agency | EIB |
| Modifying agency | EQO |
| 041 ## - LANGUAGE CODE | |
| Language code of Book | eng |
| 050 #0 - LIBRARY OF CONGRESS CALL NUMBER | |
| Classification number | PR504.5 |
| Item number | O3 |
| 082 ## - DEWEY DECIMAL CLASSIFICATION NUMBER | |
| Classification number | 821.9109 |
| Author mark and Year | DON 1946 |
| 100 1# - MAIN ENTRY--PERSONAL NAME | |
| Personal name | O'Donnell, Margaret |
| 245 10 - TITLE STATEMENT | |
| Title | Feet on the ground : |
| Remainder of title | being an approach to modern verse / |
| Statement of responsibility, etc | by Margaret J. O'Donnell |
| 260 ## - PUBLICATION, DISTRIBUTION, ETC. (IMPRINT) | |
| Place of publication, distribution, etc | London ; |
| -- | Glasgow : |
| Name of publisher, distributor, etc | Blackie & son limited, |
| Date of publication, distribution, etc | [1946] |
| 300 ## - PHYSICAL DESCRIPTION | |
| Pagination | xii,308 p. : |
| Dimensions | 18 cm |
| 500 ## - GENERAL NOTE | |
| General note | "First printed 1946." |
| 650 #0 - SUBJECT ADDED ENTRY--TOPICAL TERM | |
| Topical term or geographic name as entry element | English poetry |
| General subdivision | History and criticism |
| 650 #0 - SUBJECT ADDED ENTRY--TOPICAL TERM | |
| Topical term or geographic name as entry element | American poetry |
| General subdivision | History and criticism |
| 650 #0 - SUBJECT ADDED ENTRY--TOPICAL TERM | |
| Topical term or geographic name as entry element | English poetry |
| 650 #0 - SUBJECT ADDED ENTRY--TOPICAL TERM | |
| Topical term or geographic name as entry element | American poetry |
| 942 ## - ADDED ENTRY ELEMENTS (KOHA) | |
| Source of classification or shelving scheme | Dewey Decimal Classification |
| Koha item type | Books |
| Source of classification or shelving scheme | Damaged status | Not for loan | Home library | Current library | Shelving location | Date of accession | Total Checkouts | Full call number | Barcode | Date last seen | Copy number | Koha item type |
|---|---|---|---|---|---|---|---|---|---|---|---|---|
| Dewey Decimal Classification | JCC Rouf Library | JCC Rouf Library | General Stacks | 02/07/2018 | 821.9109 DON 1946 | 8915 | 02/07/2018 | C - 1 | Books |